=LDR 00000nam 2200000 4500 =001 INLIS000000000025616 =005 20130612124118 =008 ***********************************Ind** =035 ##$$0010-061300000025616 =041 ##$$a Ind =082 ##$$a From k =090 ##$$a From k, Nur k =100 ##$$a Nurullah Ahmad =245 ##$$a Kerajaan bawah tanah6bAhmad Nurullah =260 ##$$a 2000 $b Jakarta =300 ##$$a 96 hlm, ilus, 21 cm =650 ##$$a Komik =850 ##$$a NBPNMAT